Los siete ahorcados (Record no. 24055)

MARC details
000 -LEADER
campo de control de longitud fija 01038nam a2200253 i 4500
001 - NÚMERO DE CONTROL
campo de control 24055
003 - IDENTIFICADOR DE NÚMERO DE CONTROL
campo de control ES-MaACL
005 - FECHA Y HORA DE LA ÚLTIMA TRANSACCIÓN
campo de control 20251125063448.0
007 - CAMPO FIJO DE DESCRIPCIÓN FÍSICA--INFORMACIÓN GENERAL
campo de control de longitud fija t|
008 - DATOS DE LONGITUD FIJA--INFORMACIÓN GENERAL
campo de control de longitud fija 021213s1999 sp ||||1| spa d
100 1# - ENTRADA PRINCIPAL--NOMBRE DE PERSONA
Nombre de persona Andreev, Leonid Nikolaevich,
Fechas asociadas al nombre 1871-1919
9 (RLIN) 242530
245 14 - MENCIÓN DEL TÍTULO
Título Los siete ahorcados
Resto del título : novela /
Mención de responsabilidad, etc. por Leonid Andreev ; traducción directa del ruso por G. Portuof ; [A través de la niebla (novela) / traducción de E. Leraschor ;El médico loco (novela) / traducción de N. Belsky y de J. García Mercadal ; En la oscura lejanía (novela) / traducción de E. Leraschor].
260 ## - PUBLICACIÓN, DISTRIBUCIÓN, ETC.
Lugar de publicación, distribución, etc. [S.l. :
Nombre del editor, distribuidor, etc. s.n.,
Fecha de publicación, distribución, etc. 19--?] (
Lugar de fabricación/manufactura Madrid :
Fabricante Gráfica Excelsior)
300 ## - DESCRIPCIÓN FÍSICA
Extensión 294 p. ;
Dimensiones 19 cm.
700 1# - ENTRADA AGREGADA--NOMBRE PERSONAL
Nombre de persona Portuof, G.
9 (RLIN) 93298
700 1# - ENTRADA AGREGADA--NOMBRE PERSONAL
Nombre de persona Leraschor, E.
9 (RLIN) 71744
700 1# - ENTRADA AGREGADA--NOMBRE PERSONAL
Nombre de persona Belsky, N.
9 (RLIN) 27327
700 1# - ENTRADA AGREGADA--NOMBRE PERSONAL
Nombre de persona García Mercadal, J.,
Fechas asociadas al nombre 1883-1975
9 (RLIN) 164264
740 0# - ENTRADA AGREGADA--TÍTULO RELACIONADO/ANALÍTICO NO CONTROLADO
Título relacionado o analítico no controlado A Través de la niebla.
740 3# - ENTRADA AGREGADA--TÍTULO RELACIONADO/ANALÍTICO NO CONTROLADO
Título relacionado o analítico no controlado El médico loco.
740 0# - ENTRADA AGREGADA--TÍTULO RELACIONADO/ANALÍTICO NO CONTROLADO
Título relacionado o analítico no controlado En la oscura lejanía.
852 ## - LOCALIZACIÓN
Ubicación ES-MaACL
Número de control de estantería F-10508
Holdings
Estatus retirado Estado de pérdida Estado de daño No para préstamo Colección Biblioteca de origen Biblioteca actual Ubicación en estantería Fecha de adquisición Fuente de adquisición Total de préstamos Signatura topográfica completa Código de barras Visto por última vez Precio de reemplazo Tipo de ítem Koha
        Libros del s. XIX Biblioteca del Ateneo de Madrid Biblioteca del Ateneo de Madrid Sala Pecera Planta 2 17/01/2008     F-10508 1024792 23/02/2023 23/02/2023 Libro impreso antiguo